[Event "Vikings GM 2nd"]
[Site "York"]
[Date "2000.12.20"]
[Round "8"]
[White "Wells, Peter K"]
[Black "Barsov, Alexei"]
[Result "1-0"]
[WhiteElo "2506"]
[BlackElo "2534"]
[Annotator "Wells,P"]
[PlyCount "61"]
[EventDate "2000.12.13"]
[EventType "tourn"]
[EventRounds "10"]
[EventCountry "ENG"]
[EventCategory "12"]
[SourceTitle "CBM 081"]
[Source "ChessBase"]
[SourceDate "2001.03.20"]
[SourceVersion "1"]
[SourceVersionDate "2001.03.20"]
[SourceQuality "1"]

1. d4 {Ribli} e6 2. c4 Nf6 3. Nf3 d5 4. g3 dxc4 5. Bg2 a6 $5 {A pragmatic
route into the system. In my opinion, after 5...Nc6 6 0-0, 6...Rb8!? is an
even better move than 6...a6, but in that move order black also has to reckon
with 6 Qa4!? Ribli: 'Mit diesem sehr scharfen Zug - gefolgt von b7-b5 - kann
Schwarz seinen Pc4 verteidigen.'} 6. O-O Nc6 {Ribli: 'Dieser Zug scheint mir
besser als das direkte 6...b5.'} (6... b5 {Ribli} 7. Ne5 Nd5 8. a4 Bb7 9. e4
$44) 7. e3 $1 {I am fairly sure this is the best response.} Bd7 ({The point is
to meet} 7... Rb8 {with} 8. Nfd2 {preventing ...b5.}) 8. Nc3 Nd5 $6 {Unusual,
and I think for good reason. This knight can be missed on the king-side. 
Ribli: 'Dieser Zug wird seltener gespielt als die Alternative 8...Rb8. Es ist
m.E. auch nicht so logisch, denn später muss Schwarz Nxc3 ziehen und so das
weiße Bauernzentrum stärken.'} (8... Rb8 $5 {Ribli} 9. Ne5 Na5 $5 10. e4 $5 Be7
(10... b5 11. g4 $1 b4 (11... h6 12. f4 c5 13. d5 b4 14. dxe6 Bxe6 15. Qa4+ Nd7
16. f5 Ke7 17. Rd1 bxc3 18. fxe6 Kxe6 19. Nxd7 cxb2 20. Nxf8+ Rxf8 21. Rxd8
bxa1=Q 22. Qd7+ {1-0 Horvath,C-Marciano,D/Austria 1998/CBM 63 ext (22)}) 12. g5
bxc3 13. bxc3 $1 Rb5 $8 14. gxf6 gxf6 15. Nxd7 Qxd7 16. Qf3 Rg8 17. Kh1 $44 {
1/2-1/2 Sosonko,G-Piket,J/Nederland (ch) 1997/Inf 70/[Cvetkovic,Sr] (17)}) 11.
Nxd7 Nxd7 12. Qg4 h5 13. Qe2 h4 14. Be3 h3 15. Bh1 b5 16. Rad1 Bb4 17. Qg4 Bxc3
18. Qxg7 Qf6 19. Qxf6 Nxf6 20. bxc3 b4 21. Bf4 {1/2-1/2 Gulko,B-Korneev,O/
Mondariz 1997/EXT 99 (32)}) 9. Nd2 $1 (9. Qe2 {Ribli} Nxc3 10. bxc3 Bd6 11. Rd1
b5 12. Ne5 Bxe5 13. dxe5 Nxe5 14. Qh5 Nd3 15. Ba3 Rb8 16. Be4 $14 {[%csl Re8]})
9... Nxc3 (9... Nb6 {Ribli} 10. Qe2 Na5 11. e4 $44) 10. bxc3 b5 11. a4 Rb8 (
11... Be7 {Ribli}) 12. e4 $6 {I thought for quite a long time here, and my
final decision is not clearly inspiring. I had thoughts of playing something
along the lines of Ribli: 'Weiß hat ein starkes Bauernzentrum. Nun muss
Schwarz entweder mit e4-e5 oder mit d4-d5 rechnen.'} (12. Qg4 e5 (12... g6 $13
{Ribli}) 13. Qh5 {'+/-!' Ribli.} Bd6 14. axb5 axb5 15. Ra6 {'!' Ribli.} Rb6 16.
Rxb6 cxb6 17. Ne4 Qe7 18. f4 {'!' Ribli.} exf4 19. exf4 O-O 20. Qd5 Bb8 21. f5
{'!' Ribli. Ribli: '1-0 Gulko,B-Sveshnikov,E/USSR (ch) 1978/Inf 26 (32)'} h6
22. f6 Qe6 23. Qh5 Qg4 24. fxg7 Qxh5 25. Nf6+ Kxg7 26. Nxh5+ Kh8 27. Nf6 $16 {
1-0 Gulko,B-Sveshnikov,E/Tbilisi 1978/URS-ch (32) which was known to theory. I
was also tempted by the idea of playing}) (12. Ba3 $44 {[%csl Ga3,Gf8][%cal
Yd2e4,Ye4c5] to trade bishops and play on the black squares. Eventually I
decided to go for more, and first try and put my pawn on e5.}) 12... e5 $5 {
I realised this was possible, and battled intelligently for some black squares,
but I simply thought it too costly in developmental terms.} (12... Be7 {Ribli})
(12... b4 {Ribli} 13. Nxc4 bxc3 14. d5 $44) 13. axb5 axb5 14. d5 Ne7 15. Ba3 {
'©' Ribli. Ribli: 'Das Zentrum ist geschlossen, aber Weiß hat
Entwicklungsvorsprung. In der Folge kann er die Stellung mit f2-f4 sprengen.'}
Ng6 16. Bxf8 Nxf8 (16... Kxf8 {Ribli} 17. f4 $44) (16... Rxf8 {Ribli} 17. Qh5 (
17. f4 $44) 17... Rh8 18. f4 $44) 17. f4 Ng6 {'?!' Ribli. Ribli: 'Schwarz
verteidigt zwar den Pe5, verliert dabei aber zu viele Tempi.'} (17... Qe7 $5 {
Ribli} 18. Nf3 $44 (18. fxe5 Ng6)) 18. f5 Ne7 (18... Nf8 {Ribli} 19. Nf3 $44 {
[%csl Rf8]}) 19. f6 {'->' Ribli. More unwarranted consumption of time.} ({
I spent too long on} 19. Nf3 f6 20. Nxe5 fxe5 21. Qh5+ g6 22. fxg6 Nxg6 23. Ra6
{when only} Rb6 $1 {works, but it is more than sufficient. I was attempting to
refine the unrefinable.}) 19... gxf6 20. Ra6 $1 {[%cal Ga6f6] An efficient way
to double on the f-file. Ribli: 'Der englische GM kennt natürlich die
Eröffnungstheorie, also auch die Stammpartie der Variante zwischen Gulko,B -
Sveshnikov,E USSR(ch) 1978. Die Motive f2-f4 und Ra1-a6 sind ähnlich.'} (20.
Rxf6 $2 {Ribli} Nxd5 21. Rf2 Nf6 22. Qf3 Rb6 $17) 20... Ng8 $2 {Simply much
too passive. Black can afford to return one pawn, not cling on to the material,
after which it is hard to envisage how he will develop further.} (20... Ng6 21.
Raxf6 O-O 22. Qh5 {gives white fair attacking compensation, but not more.}) (
20... Rb6 {Ribli} 21. Rxb6 cxb6 22. Qf3 $44) 21. Qh5 $1 {[%cal Yg2h3,Gd2f3,
Gf3h4,Gf3e5] Light squares!} Bc8 (21... Ra8 $5 {Ribli} 22. Rfa1 Rxa6 23. Rxa6)
22. Rc6 Bd7 23. Nf3 $1 {[%mdl 512] I am very pleased with this idea,
especially since the 'fork' with Nxe5 is so pretty.} Qe7 (23... Bxc6 24. Nxe5
Bxd5 25. exd5 Qe7 26. Nc6 Qe3+ 27. Kh1 {'©' Ribli. also, whatever Fritz thinks,
gives white tremendous attacking compensation for the exchange.}) 24. Rxc7 Qd6
{Ribli: [#]} 25. Ng5 $1 {Another elegant attacking blow. Already a bit short
of time, it required some pretty good calculation too. Ribli: 'Ein
wunderschöner Zug! Der Rc7 hängt, und Weiß opfert weiteres Material. '} Nh6 (
25... fxg5 26. Qxf7+ Kd8 27. Rxd7+ Qxd7 28. Qf8+ Kc7 (28... Qe8 29. Qd6+ Kc8
30. Rf8 $18) 29. Qc5+ Kb7 30. Rb1 $18) 26. Rxd7 Qb6+ 27. Kh1 fxg5 28. Rfxf7 Qg6
29. Rfe7+ Kf8 30. Qf3+ Kg8 31. Re6 $18 {[%csl Rg6]} 1-0

[Event "Hoogeveen Essent op"]
[Site "Hoogeveen"]
[Date "2000.10.14"]
[Round "2"]
[White "Gleizerov, Evgeny"]
[Black "Werle, Jan"]
[Result "0-1"]
[WhiteElo "2557"]
[BlackElo "2311"]
[Annotator "Werle,J"]
[PlyCount "118"]
[EventDate "2000.10.13"]
[EventType "swiss"]
[EventRounds "9"]
[EventCountry "NED"]
[SourceTitle "CBM 078 Extra"]
[Source "ChessBase"]
[SourceDate "2000.11.10"]
[SourceVersion "1"]
[SourceVersionDate "2000.11.10"]
[SourceQuality "1"]

{[%mdl 1]} 1. d4 Nf6 2. c4 e6 3. g3 d5 4. Bg2 dxc4 5. Nf3 Nc6 (5... Bd7 {
- 52/(491)}) 6. O-O Rb8 7. Nc3 (7. a4 {- 52/(491)}) 7... b5 (7... a6 {- 52/
(491)}) (7... Bb4 {- 52/(491)}) 8. Ne5 {'!' Kaidanov,G.} Nxe5 9. dxe5 Nd7 10.
Bc6 a6 11. Qd4 Bb7 $8 {'?!' Kaidanov,G. Kaidanov,G: 'N'} (11... Rb6 $6 {N} 12.
Qe4 {/\ Be3} Bc5 13. Bxd7+ $1 $16 Bxd7 14. Qg4 Kf8 15. Rd1 h5 (15... Qc8 16.
Ne4 Be7 17. Bg5 {/\ Rd2, Rad1+-}) 16. Qf4 h4 17. Ne4 Be7 (17... hxg3 18. hxg3
$5 (18. Nxc5 gxh2+ 19. Qxh2 $1 {Serper,G} Rxh2 20. Nxd7+ Ke8 21. Nf6+ gxf6 22.
Rxd8+ Kxd8 23. Kxh2 fxe5 $16 {_|_}) 18... Be7 19. Be3 c3 $8 {+/-} (19... Rc6
20. Rd4 Qc8 21. Rad1 Be8 22. Nf6 $1 gxf6 23. exf6 Bd6 24. Qh6+ $1 Rxh6 25.
Bxh6+ Kg8 26. Rg4+ Kh7 27. Kg2 $1 $18)) 18. Be3 hxg3 19. fxg3 $1 Rc6 20. Rf1
Be8 21. Rad1 Qc8 22. Qf3 $1 $18 (22. Ng5 $6 f6 23. exf6 gxf6 24. Bd4 e5 $1 25.
Bxe5 Kg7 $13) 22... Kg8 23. Bg5 Kf8 (23... Bxg5 24. Nxg5 {><f7}) 24. Bxe7+ {
1-0 Kaidanov,G-Serper,G/Gausdal 1991/Inf 52/[Kaidanov,G] (24)} (24. Bxe7+ Kxe7
25. Qa3+ $18)) 12. Bxb7 Rxb7 13. Rd1 c5 $8 (13... Be7 14. Qg4 g6 15. Bh6 Qc8
16. Qf4 Nb6 17. Bg7 Rg8 18. Qh6 Nd5 19. Nxd5 exd5 20. Rxd5 c6 21. Rd2 Rd7 22.
Rad1 Rxd2 23. Rxd2 Bf8 24. Bxf8 Rxf8 25. Qh4 c5 26. Rd6 a5 27. Qf6 a4 28. e6
Qc7 29. Rd7 {1-0 Gleizerov,E-Malakhatko,V/Bydgoszcz 2000/CBM 76 ext (29)}) 14.
Qg4 Qc7 15. Bf4 Qc6 $8 16. f3 f5 $8 17. exf6 Nxf6 18. Qg5 Be7 $8 19. Qxg7 Rg8
20. Qh6 Rg6 21. Qh3 b4 22. Nb1 (22. Ne4 $5 Nxe4 23. Qxh7 $1 (23. fxe4 $2 Qxe4
24. Qh5 $17 (24. Rac1 $4 {(Gleizerov)} Qxf4 $19)) 23... e5 24. Bxe5 Ng5 (24...
Bf8 25. Qh5 Ng5 26. Rd6 (26. Bd6 $2 Rbg7 $17) 26... Bxd6 27. Qxg6+ Nf7 28. Rd1
Rd7 29. e4 $13) 25. Qh8+ Bf8 (25... Kf7 26. h4 $13) 26. Rd8+ Kxd8 27. Qxf8+ Qe8
28. Bf6+ Rxf6 29. Qxf6+ Qe7 30. Rd1+ Rd7 31. Qb6+ Ke8 32. Qg6+ Qf7 (32... Kd8
33. Qb6+ $11) (32... Nf7 $4 33. Qg8+ Qf8 34. Qxf8+ Kxf8 35. Rxd7 $18) 33. Qc6
$13) 22... Rd7 $5 $146 {[%mdl 8]} (22... Nd5 23. Be5 Bg5 24. Nd2 Ne3 25. Ne4
Nxd1 26. Nd6+ Kf8 27. Nxb7 Qd5 28. Qxh7 Qxe5 29. Rxd1 Qxe2 30. Rd8+ {1/2-1/2
Gleizerov,E-Yuneev,A/Cheliabinsk 1991/EXT 97 (30)}) (22... c3 $5 23. bxc3 Qa4
24. Nd2 bxc3 25. Qxe6 Qxf4 26. Qc8+ Kf7 27. Qxb7 cxd2 28. Kh1 Qd4 29. e3 Qxe3
30. Qb3+ Qxb3 31. axb3 Nd5 32. Rxd2 Nb4 $15) 23. Nd2 c3 24. Nc4 (24. bxc3 $2
bxc3 25. Nc4 Rxd1+ 26. Rxd1 Qa4 27. Nd6+ Kd7 $1 $19) 24... cxb2 25. Nxb2 Rxd1+
26. Rxd1 c4 27. Kf1 c3 28. Nd3 Qa4 (28... Qd5 29. Ra1 a5 (29... c2 $6 30. Ne1
Qc5 31. Rc1 $14) 30. Ne5 Rg8 31. e4 Qb5+ 32. Ke1 Qb6 33. Rd1 b3 34. axb3 Qxb3
$13) 29. Ra1 b3 30. Qxe6 b2 31. Qc8+ Kf7 32. Re1 Qxa2 33. Ne5+ Kg7 34. Qb7 Qe6
35. e4 Rg5 $1 36. Bxg5 Qxe5 37. Bxf6+ Qxf6 38. e5 Qf7 39. f4 $2 (39. e6 $1 Qf6
40. Qe4 Qg6 41. Qb7 (41. Qe5+ Kh6 42. Qe3+ (42. Qf4+ Qg5 43. Qe4 Qc1 $19) 42...
Qg5 43. Qxc3 Qb5+ 44. Kg2 b1=Q 45. Rxb1 Qxb1 $17) 41... Qd3+ 42. Kg2 Qd2+ 43.
Kf1 Kf6 44. g4 $1 Qxh2 45. g5+ (45. Qe4 $2 Kg5 $1 46. Qf5+ Kh4 47. Rb1 a5 48.
Qh5+ Kg3 49. Qxh2+ Kxh2 50. Ke1 a4 51. Kd1 a3 52. Kc2 a2 $19) 45... Kf5 46.
Qxe7 Qh1+ 47. Ke2 Qxe1+ 48. Kxe1 b1=Q+ 49. Kf2 Qa2+ 50. Kg3 Qxe6 51. Qxh7+ Kxg5
52. Qg7+ Kf5 53. Qxc3 Qe5+ 54. Qxe5+ Kxe5 55. f4+ Kf5 56. Kf3 $11) 39... Qc4+
40. Kg2 Qb4 41. Qd7 c2 42. Qg4+ Kh8 43. Qc8+ Bf8 44. Qxc2 Qxe1 45. Qxb2 Qe4+
46. Kh3 Qf5+ 47. Kg2 a5 48. Qb3 Qe4+ 49. Kh3 Qf5+ 50. Kg2 Qd7 $1 (50... Qe4+ $6
51. Kh3 a4 52. Qf7 $132) 51. e6 Qc6+ 52. Kh3 a4 53. Qe3 (53. Qb2+ Kg8 54. Qf6
Qe8 $17) 53... Qc5 54. Qe4 a3 55. Qa8 Qh5+ 56. Kg2 Qe2+ 57. Kg1 Kg7 58. Qd5 Be7
59. Qd4+ Kh6 0-1

[Event "Douglas IoM op"]
[Site "Douglas"]
[Date "2018.10.27"]
[Round "8"]
[White "Wojtaszek, Radoslaw"]
[Black "Adams, Michael"]
[Result "1-0"]
[WhiteElo "2727"]
[BlackElo "2712"]
[Annotator "Wojtaszek,R"]
[PlyCount "89"]
[EventDate "2018.10.20"]
[EventType "swiss"]
[EventRounds "9"]
[EventCountry "IOM"]
[SourceTitle "CBM 187"]
[Source "ChessBase"]
[SourceDate "2018.12.11"]
[SourceVersion "1"]
[SourceVersionDate "2018.12.11"]
[SourceQuality "1"]

{With two rounds to go I was been in the leading pack with many other players.
Most likely it was my last game with white, so I thought it should be the time
to put some "real" pressure on my opponent. Not a simple task, especially
given that my opponent, Micky Adams is solid but also an all-around player.
Also, with 6 out of 7 previous games having ended in a draw, I wasn't all that
optimistic about my chances before the game.} 1. d4 Nf6 2. c4 e6 3. g3 {
In the only game I managed to beat Micky I have also played the Catalan.
Having this nice memory in mind, I thought it was a good choice also for this
game.} d5 4. Bg2 dxc4 5. Nf3 c5 {I expected this as my opponent used it twice
before. In our previous encounters I faced the more classical systems 4...Be7
and 4...Bb4+.} 6. O-O Nc6 7. Ne5 Bd7 8. Nxc4 $5 {A somewhat forgotten line,
but I remembered having some problems analyzing this from Black's point of
view, so I thought it could be interesting to try it as White.} cxd4 9. Bf4 Be7
(9... Nd5 {is the only way to castle, but White gets a nice compensation after}
10. Nd6+ Bxd6 11. Bxd6 Nde7 12. Nd2 $1 (12. Qb3 $6 Na5 $1) 12... O-O 13. Qb3
$44) 10. Nd6+ Kf8 11. Nxb7 Qb6 12. Nd6 Qc5 {Thanks to this move Black is
supposed to be okay in the offical theory. Black's position looks quite
suspicious, but it's difficult to prove it.} 13. b4 $1 (13. Ne4 $6 {is way too
soft} Nxe4 14. Bxe4 e5 15. Bd2 f5 {and White's pieces are getting pushed back.}
) (13. Qb3 {was the only serious try.} Bxd6 14. Rc1 {A similar plan like in
the game, but here the difference is} Qb4 $1 15. Qxb4 Bxb4 16. Bxc6 Rc8 {
Black is doing fine and of course now it doesn't matter that he didn't manage
to castle.}) 13... Qxb4 14. a3 Qc5 15. Qb3 $5 $146 {The actual novelty.So
White sacrificed a pawn to keep this strong knight on d6, at least for a while.
Of course with an engine running it's easy to prove that Black is objectively
fine, but during the actual game where there are many pieces on the board and
with such an unsafe king it's quite dangerous for Black. There is a funny
hidden story connected to this idea - just before Isle of Man I played the
European Club Cup in Greece and at some point I thought that I would like to
have it analyzed a bit more carefully. It turned out that all my friends with
whom I'm usually working with were not available. So I decided to ask my wife
to check this line for me. She was there with me and didn't play so I
disrupted her holidays but after all we both agreed it was worth it:)} (15. Nd2
{Only this was played before, even my opponent faced this move in 2008 against
Gelfand.} e5 16. N2e4 Nxe4 17. Nxe4 Qb6 18. Rb1 Qc7 {and White didn't have
enough counterplay in Gelfand,B (2723)-Adams,M (2729) Yerevan 2008.}) 15... Na5
$4 {This is a losing mistake. It's easy to criticise such a blunder but with
all pieces on the board it's not simple to make a right choice.} (15... Bxd6 $2
16. Rc1 $1 {This explains the whole 13.b4 idea. Now the b4 square is not
available.}) (15... Qh5 $1 {This is the engine's first line but didn't look
natural to me, so I wasn't particularly worried about this move.} 16. Nc4 Nd5
17. Qb7 Rd8 18. Bc7 Nxc7 19. Qxc7 Qb5 $1 20. Nbd2 Qb8 $1 {Like this Black
manages to exchange queens and limit the damage, but even} 21. Qxb8 Rxb8 22.
Rab1 Rc8 23. Rb7 {felt promising over the board.}) (15... Qb6 $5 {was the move
I expected the most. It avoids the Rc1 threat with tempo. Now White has
several interesting possibilites but I would like to mention the tricky} 16.
Qa2 $5 {where Black should answer with the brilliant but also over the board
very difficult to find} Qd8 $3 (16... Nh5 17. Nc4 $1 Qd8 18. Bd6 $36) 17. Nd2
g5 $1 {and White has nothing better than repetition after} 18. Nb7 Qc8 19. Nd6
Qd8 $11) (15... Nd5 {I thought that this could be the likely human response
but after} 16. Rc1 Qa5 17. Qf3 $1 {the position looks dangerous for Black.})
16. Qb4 $1 Qxb4 17. axb4 e5 (17... Nb3 18. Ra3 $1 {is probably what my
opponent missed:} Nd5 19. Bxd5 exd5 20. Rxb3 g5 21. Be5 f6 22. Rf3 $1 {would
be the cleanest win}) 18. Bxa8 exf4 19. Rxa5 Bxd6 20. Rxa7 Bxb4 {Of course
White's position is winning but there is a techincal part. I was trying to be
precise and not to give too many practical chances.} 21. Rd1 $1 {Activity is
much more important than material.} (21. gxf4 g6 22. Rd1 Kg7 23. Bf3 Rc8 $16 {
and it's visible that Black is still fighting.}) 21... fxg3 22. hxg3 Bc5 (22...
Ke7 23. Bc6) 23. Ra5 Bb4 24. Ra6 Ke7 25. Bc6 $1 {Again, I thought that I
should exchange one of the opponents' bishops and then it would be simple.} Rc8
26. Rxd4 $1 Bc5 (26... Bxc6 27. Rxb4 Be4 {and here White is lucky to have the
simple} 28. Nd2 Rc1+ 29. Nf1 $1) 27. Bxd7 Nxd7 28. Re4+ Kf8 29. Nd2 g6 30. Kg2
Rd8 31. Rc4 Be7 32. Ne4 {Now the rest is simple.} h5 33. Rc7 Ne5 34. Raa7 Re8
35. f4 Ng4 36. Nc3 Nh6 37. e4 Bd6 38. Rc6 Rd8 39. Nd5 Kg7 40. Kf3 Ng4 41. Rb7
Kf8 42. Ra6 Bc5 43. Rc7 Bd4 44. Ra4 Bg1 45. Rb4 {and Black resigned.
Definitely the critical win for me, allowing me to fight for the 1st place in
the last round and tiebreak as it turned out.} 1-0